Name a Valid Country #8 - Statistics

General Stats
  • This quiz has been taken 101,069 times
    98,580 since last reset
  • The average score is 14 of 20
Answer Stats
Name a country.... # Answer % Correct
with only red and white on their flag 17 Austria | Bahrain | Canada | Denmark | Georgia | Indonesia | Japan | Latvia | Monaco | Peru | + 7 more
99%
which borders Nepal 2 China | India
98%
that has over 100 million people living on islands 3 Indonesia | Japan | Philippines
87%
that borders a Stan but is not a Stan 4 China | India | Iran | Russia
85%
with at least 130 active volcanoes 4 Iceland | Indonesia | Russia | United States
83%
with an average elevation over 3000 meters 3 Bhutan | Nepal | Tajikistan
81%
that has territory in Polynesia 9 Australia | Chile | Fiji | France | New Zealand | Samoa | Tonga | Tuvalu | United States
76%
with an average July temperature below 10 °C 5 Chile | New Zealand | Lesotho | Argentina | Iceland
75%
with an area >1 million km² and no desert 3 Brazil | D. R. Congo | Indonesia
74%
that gained independence from the United States 5 Cuba | Marshall Islands | F. S. Micronesia | Palau | Philippines
73%
which has hosted the Olympics and has a current population < 15 million 7 Austria | Belgium | Finland | Greece | Norway | Sweden | Switzerland
67%
whose capital city ends in i 14 Finland | India | Kenya | Libya | Taiwan | United Arab Emirates | Vietnam | + 7 others
64%
where Swahili is an official language 4 Kenya | Rwanda | Tanzania | Uganda
64%
that averages over 2.5 meters of rain per year (1991–2020) 18 Colombia | Costa Rica | Indonesia | Malaysia | Panama | Papua New Guinea | Philippines | +11 more
61%
that is a theocracy 3 Afghanistan | Iran | Vatican City
60%
in the Americas with a maximum elevation below 1000 meters 6 Antigua and Barbuda | Bahamas | Barbados | Paraguay | Saint Lucia | Uruguay
59%
that was a signatory of the Tripartite Pact 3 Germany | Italy | Japan
57%
larger than Switzerland and without an army 3 Costa Rica | Iceland | Panama
54%
with a population over 100 million that has never won an Olympic medal 2 Bangladesh | D. R. Congo
51%
with part of the Aral Sea 2 Kazakhstan | Uzbekistan
42%
No matching quizzes found
Score Distribution
Percent of People with Each Score
Percentile by Number Answered
Your Score History
You have not taken this quiz since the last reset